01321nas a2200289Ia 4500001002800000003001000028008004100038040002500079041001200104100002100116210003300137222003300170240010200203245010200305250001100407260000900418501012300427300001600550362003600566500014100602650003000743700001100773942000700784957000600791999003300797952020100830A01/R004-27408 [r000020898]IT-MiCISF161014c99999999xx |||||||||||| ||und|| aIT-MiCISFcIT-MiCISF aINGLESE aChan Raymond W.  aJournal of Family Psychology aJournal of Family Psychology aDivision of Labor Among Lesbian and Heterosexual Parents: Associations With Children's Adjustment 0aDivision of Labor Among Lesbian and Heterosexual Parents: Associations With Children's Adjustment a1a ed. c1998 bCISF - Centro Internazionale Studi Famiglia - Via Giotto, 36 20145 MILANO (non commercial uses only)cCopyright 2016 app. 402-419 avol. 12, n. 3, settembre [1998] aBrooks R.C., Raboy B., Patterson C.J. Tema: genitorialità€, lavoro-domestico, omosessualità€, ruoli-familiari, rapporti-genitori-figli agenitorialità€varticolo aAA.VV. cCR 71 a27408bSig1c248762d248762 0010406A_01_000000000000000_R00427408_R00002089871aCISFbCISFd2016-10-14l0oA01/R004-27408 [r000020898]r2016-10-14 00:00:00w2016-10-14yCRzData import 15.10.2016 / by Epidotti, Vaglietti